2009 Champions League Final FC Barcelona - Manchester United - Statistics

General Stats
  • This quiz has been taken 1,455 times
  • The average score is 22 of 29
Answer Stats
Player % Correct
Lionel Messi ¹
99%
Andrés Iniesta
98%
Xavi
98%
Gerard Piqué
95%
Carles Puyol
94%
Sergio Busquets
94%
Víctor Valdés
94%
Cristiano Ronaldo
93%
Wayne Rooney
92%
Rio Ferdinand
91%
Samuel Eto'o ¹
90%
Edwin van der Sar
89%
Nemanja Vidić
85%
Paul Scholes
85%
Pep Guardiola
84%
Alex Ferguson
83%
Patrice Evra
79%
Thierry Henry
79%
Ryan Giggs
76%
Michael Carrick
73%
Pedro
66%
Park Ji-sung
59%
Carlos Tevez
52%
Yaya Touré
51%
Anderson
42%
John O'Shea
38%
Dimitar Berbatov
36%
Seydou Keita
29%
Sylvinho
29%
No matching quizzes found
Score Distribution
Percent of People with Each Score
Percentile by Number Answered
Your Score History
You have not taken this quiz